|
|
|
|
| LEADER |
00809nam a22001817a 4500 |
| 008 |
160608b xxu||||| |||| 00| 0 mal d |
| 020 |
|
|
|a 9788182652187
|c INR
|
| 082 |
|
|
|a 954.83
|
| 100 |
|
|
|a Uma Maheswari, S.
|
| 245 |
|
|
|a Thrippadidanam :
|b Sree Uthradam thirunal Marthandavarmayude rajasmaranakal /
|c S.Uma Maheswari
|
| 260 |
|
|
|a Calicut :
|b Mathrubhumi books,
|c 2011.
|
| 300 |
|
|
|a 290 p. ;
|
| 650 |
|
|
|v Travancore history
|x Malayalam
|
| 942 |
|
|
|c BK
|
| 546 |
|
|
|a In malayalam
|
| 999 |
|
|
|c 285488
|d 285488
|
| 952 |
|
|
|0 0
|1 0
|4 0
|6 954_830000000000000_UMA_T
|7 0
|9 323964
|a FLK
|b FLK
|c ST1
|d 2016-06-08
|e BK
|g 200.00
|i 3817
|l 0
|o 954.83 UMA/T
|p FLK3817
|r 2016-06-08
|w 2018-08-23
|y BK
|
| 952 |
|
|
|0 0
|1 0
|4 0
|6 954_830000000000000_UMA_T1
|7 0
|9 323965
|a FLK
|b FLK
|c ST1
|d 2016-11-24
|e BK
|g 200.00
|i 5196
|l 0
|o 954.83 UMA/T,1
|p FLK5196
|r 2016-11-24
|w 2016-11-24
|y BK
|